Najwyższe budynki w Polsce. - Statystyki

Ogólne statystyki
  • Ten quiz został rozwiązany 107 razy
  • Średni wynik to 6 z 24
Statystyki odpowiedzi
Miasto Metry Wieżowiec % Poprawnych
Warszawa 237 Pałac Kultury i Nauki
96%
Wrocław 212 Sky Tower
74%
Warszawa 192 Złota 44
48%
Warszawa 220 Warsaw Spire
43%
Warszawa 192 Rondo 1
36%
Gdańsk 180 Olivia Star
35%
Warszawa 164 InterContinental Warszawa
34%
Warszawa 208 Warsaw Trade Tower
31%
Warszawa 170 Centrum LIM
30%
Warszawa 195 Q22
27%
Gdynia 142 Sea Towers
20%
Warszawa 150 Chałubińskiego 8
18%
Warszawa 138 Intraco I
17%
Warszawa 160 Cosmopolitan
16%
Szczecin 128 PAZIM
16%
Warszawa 165 Warsaw Financial Center
16%
Katowice 125 Altus
12%
Szczecin 125 Hanza Tower
10%
Warszawa 120 Błękitny Wieżowiec
9%
Warszawa 141 MBank Tower
8%
Warszawa 116 Atlas Tower
7%
Warszawa 120 Łucka City
7%
Warszawa 130 The Warsaw Hub
7%
Warszawa 128 Spektrum
6%
Nie znaleziono quizów pasujących do podanych kryteriów
Rozkład punktacji
Procent ludzi z każdym wynikiem
Percentyl według liczby udzielonych odpowiedzi
Twoja historia wyników
Nie rozwiązałeś tego quizu